[Event "TCh-FRA Top 12 2012"]
[Site "Belfort FRA"]
[Date "2012.06.05"]
[Round "6.1"]
[White "Gharamian,T"]
[Black "Meier,Geo"]
[Result "1/2-1/2"]
[WhiteElo "2672"]
[BlackElo "2637"]

1.d4 Nf6 2.c4 e6 3.Nf3 d5 4.Nc3 Be7 5.Bf4 O-O 6.e3 Nbd7 7.Qc2 c5 8.Rd1 cxd4
9.Rxd4 Qa5 10.Bg3 Nb6 11.Nd2 dxc4 12.Bxc4 Nxc4 13.Nxc4 Qc5 14.O-O b6 15.Ne5 Ba6
16.Rfd1 Rfc8 17.Qb3 Bb7  1/2-1/2

[Event "1st Grand Europe Open"]
[Site "Golden Sands BUL"]
[Date "2012.06.05"]
[Round "2.36"]
[White "Xiu Deshun"]
[Black "Ji Dan"]
[Result "1-0"]
[WhiteElo "2494"]
[BlackElo "2326"]

1.d4 d5 2.c4 e6 3.Nc3 Be7 4.Nf3 Nf6 5.Bf4 O-O 6.e3 Nbd7 7.Be2 c5 8.cxd5 Nxd5
9.Nxd5 exd5 10.O-O Qb6 11.Qc2 cxd4 12.Nxd4 Nc5 13.Be5 Re8 14.Nb5 Rf8 15.Bd4 Bd7
16.a4 Qc6 17.Rfc1 Rfc8 18.Qd1 Qg6 19.Be5 Qf5 20.Bg3 Ne4 21.Rxc8+ Bxc8 22.Bd3 Qd7
23.Nc7 Rb8 24.Bf4 Nc5 25.Bb5 Qg4 26.Nxd5 Ra8 27.Nxe7+  1-0

[Event "e2e4 Diamond Jubilee Premier"]
[Site "London ENG"]
[Date "2012.06.05"]
[Round "6.5"]
[White "Williams,Si1"]
[Black "Byron,A"]
[Result "1-0"]
[WhiteElo "2513"]
[BlackElo "2179"]

1.d4 Nf6 2.c4 e6 3.Nf3 d5 4.Nc3 Be7 5.Bf4 O-O 6.e3 c5 7.dxc5 Bxc5 8.a3 Nc6
9.Qc2 dxc4 10.Bxc4 a6 11.Rd1 Bd7 12.O-O Be7 13.Ba2 b5 14.Ne4 Nxe4 15.Qxe4 Ra7
16.Rd2 Qc8 17.Rc1 Qa8 18.h4 Be8 19.Ng5 Bxg5 20.hxg5 Ne7 21.Qxa8 Rxa8 22.Rc7 Nc8
23.Rdc2 Nb6 24.Bd6 a5 25.Rb7 Nc8 26.Bxf8 Kxf8 27.f3 Ne7 28.e4 Rd8 29.Kf2 Nc6
30.Rc7 Ne7 31.Ke2 Rb8 32.R7c5 Bd7 33.Rd2 Ke8 34.Bb1 Nc6 35.Rd6 Rb6 36.Bd3 Ke7
37.e5 b4 38.a4 f6 39.gxf6+ gxf6 40.Bb5 Rxb5 41.axb5 Nxe5 42.Ra6  1-0

[Event "1st Grand Europe Open"]
[Site "Golden Sands BUL"]
[Date "2012.06.06"]
[Round "3.15"]
[White "Mekhitarian,K"]
[Black "Dimitrov,R"]
[Result "0-1"]
[WhiteElo "2531"]
[BlackElo "2428"]

1.d4 Nf6 2.c4 e6 3.Nf3 d5 4.Nc3 Be7 5.Bf4 a6 6.c5 Nc6 7.e3 Nh5 8.Be5 O-O
9.Bd3 Nxe5 10.Nxe5 Nf6 11.f4 Nd7 12.Nf3 f5 13.O-O Nf6 14.Ne5 Bd7 15.b4 Be8
16.Qc2 Ne4 17.Nxe4 fxe4 18.Be2 Bf6 19.a4 Bxe5 20.dxe5 Qh4 21.g3 Qh3 22.Qd1 h5
23.Ra3 Rd8 24.b5 a5 25.Rf2 g5 26.Qd4 h4 27.Bf1 Qf5 28.g4 Qg6 29.Ra1 gxf4
30.exf4 Qh6 31.g5 Qg7 32.Bh3 Qe7 33.f5 exf5 34.Bxf5 Bh5 35.Re1 Bf3 36.Rxf3 exf3  0-1

[Event "e2e4 Diamond Jubilee Premier"]
[Site "London ENG"]
[Date "2012.06.06"]
[Round "8.6"]
[White "Williams,Si1"]
[Black "Batchelor,Peter J"]
[Result "1-0"]
[WhiteElo "2513"]
[BlackElo "2050"]

1.d4 d5 2.c4 e6 3.Nc3 Be7 4.Nf3 Nf6 5.Bf4 O-O 6.a3 b6 7.e3 Bb7 8.Qc2 c5 9.dxc5 bxc5
10.O-O-O Nbd7 11.h4 Qa5 12.Be2 Rfd8 13.Ng5 Nf8 14.e4 dxe4 15.Ncxe4 Nxe4 16.Nxe4 Rd4
17.Rxd4 cxd4 18.Bd3 f5 19.Nd6 Ba6 20.Nb5 Bxb5 21.cxb5 Qd8 22.Kb1 Rc8 23.Qb3 Kh8
24.h5 Bd6 25.Bd2 Qf6 26.h6 g5 27.f3 Ng6 28.Re1 e5 29.Qd5 Nf4 30.Bxf4 gxf4
31.Qb7 Rb8 32.Qxa7 Qxh6 33.Qd7 Rg8 34.b6 Rxg2 35.b7 Qh2 36.Qb5 Bb8 37.Bxf5 Rg1
38.Qe8+ Rg8 39.Qe7 Qh6 40.Rxe5 Bd6 41.Qe6 Qxe6 42.Rxe6 Bc7 43.Re7 Rg7 44.Rxc7  1-0

[Event "11th TCh-BIH Premier"]
[Site "Jahorina BIH"]
[Date "2012.06.07"]
[Round "6.1"]
[White "Jankovic,A"]
[Black "Berkes,F"]
[Result "1/2-1/2"]
[WhiteElo "2564"]
[BlackElo "2696"]

1.d4 Nf6 2.c4 e6 3.Nf3 d5 4.Nc3 Be7 5.Bf4 O-O 6.e3 Nbd7 7.a3 c5 8.cxd5 Nxd5
9.Nxd5 exd5 10.dxc5 Nxc5 11.Be2 Bf6 12.Be5 Bxe5 13.Nxe5 Be6 14.Nf3 Qb6 15.Qd4 Rfc8
16.Rd1 Rc6 17.O-O Rac8 18.h3 Nb3 19.Qh4 h6  1/2-1/2

[Event "Kuna Arandu GpB"]
[Site "Luque PAR"]
[Date "2012.06.08"]
[Round "4.2"]
[White "Perez,Da"]
[Black "Chumpitaz,A"]
[Result "0-1"]
[WhiteElo "1739"]
[BlackElo "2220"]

1.d4 d5 2.Nf3 Nf6 3.Bf4 e6 4.c4 Be7 5.Nc3 O-O 6.h3 Nbd7 7.e3 a6 8.a3 dxc4
9.Bxc4 b5 10.Bd3 c5 11.O-O Bb7 12.Qe2 Qb6 13.Rad1 Rfe8 14.Bb1 Rac8 15.Bh2 cxd4
16.Nxd4 Bxa3 17.Ncxb5 Bb4 18.Na3 Qa5 19.Nac2 Be7 20.Ne1 Nc5 21.Nef3 Bd5 22.Bc2 Qb4
23.Ra1 Bc4 24.Qe1 Qb7 25.Ne2 Qxb2 26.Nfd4 Qb7 27.f3 Nd5 28.Qf2 Nb4 29.Rfd1 Nxc2
30.Nxc2 Nb3 31.Rab1 a5 32.Na1 a4 33.Nd4 Bf6 34.Naxb3 axb3 35.Rb2 Red8 36.Rdb1 Qa7
37.Rd2 Qa4 38.Qe1 e5 39.Nf5 Bd3 40.Ra1 Qb5  0-1

[Event "FSGM June 2012"]
[Site "Budapest HUN"]
[Date "2012.06.09"]
[Round "7.2"]
[White "Rajlich,I"]
[Black "Franco Alonso,A"]
[Result "1/2-1/2"]
[WhiteElo "2441"]
[BlackElo "2463"]

1.d4 d5 2.c4 e6 3.Nc3 Be7 4.Nf3 Nf6 5.Bf4 O-O 6.e3 Nbd7 7.Be2 dxc4 8.O-O Nd5
9.Bg3 c5 10.Bxc4 cxd4 11.exd4 N7f6 12.Qb3 b6 13.Nxd5 Nxd5 14.Bxd5 Qxd5 15.Qxd5 exd5
16.Rfe1 Be6 17.Rec1 Rfc8 18.Bc7 f6 19.Nd2 Kf7 20.a3 Ke8 21.Rc3 Kd7 22.Rac1 g5
23.Nf1 h5 24.Ne3 b5 25.b4 a6 26.g3 Ra7 27.Bb6 Rxc3 28.Rxc3 Rb7 29.Bc5 Bd8
30.f4 Rb8 31.f5 Bf7 32.Kf2 Bc7 33.Nd1 Re8 34.Re3 Rxe3 35.Nxe3 Bd8 36.h4 g4
37.Ng2  1/2-1/2

[Event "4th Rheinland-Pfalz Open 2012"]
[Site "Altenkirchen GER"]
[Date "2012.06.10"]
[Round "7.3"]
[White "Sumets,A"]
[Black "Dervishi,E"]
[Result "1-0"]
[WhiteElo "2599"]
[BlackElo "2540"]

1.d4 Nf6 2.c4 e6 3.Nc3 d5 4.Nf3 Be7 5.Bf4 O-O 6.e3 a6 7.Qc2 dxc4 8.Bxc4 Nbd7
9.Rd1 b5 10.Bd3 Bb7 11.O-O h6 12.a4 Bxf3 13.gxf3 b4 14.Ne4 Nd5 15.Bg3 f5
16.Qc6 fxe4 17.fxe4 Rf6 18.exd5 e5 19.d6 Bxd6 20.dxe5 Nxe5 21.Bxe5 Bxe5 22.Bc4+ Kh7
23.Rxd8  1-0

[Event "TCh-FRA Top 12 2012"]
[Site "Belfort FRA"]
[Date "2012.06.10"]
[Round "11.5"]
[White "Relange,E"]
[Black "Purenne,B"]
[Result "1/2-1/2"]
[WhiteElo "2472"]
[BlackElo "2164"]

1.Nf3 Nf6 2.c4 e6 3.Nc3 d5 4.d4 Be7 5.Bf4 O-O 6.e3 Nbd7 7.c5 c6 8.h3 Qa5
9.Nd2 Re8 10.Bd3 Bf8 11.O-O g6 12.a3 e5 13.Bh2 Bg7 14.b4 Qd8 15.Rc1 Nh5 16.g4 Nhf6
17.f3 h5 18.Nb3 Bh6 19.f4 exd4 20.exd4 hxg4 21.hxg4 Nxg4 22.Qxg4 Nxc5 23.Qd1 Nxb3
24.Qxb3 Bh3 25.Rf3 Qh4 26.Be2 Re6 27.Bg3 Qg4 28.Re3 Rxe3 29.Bxg4 Rxg3+ 30.Kf2 Rxg4
31.Rh1 Rxf4+ 32.Kg3 Re8 33.Kxh3 Re3+ 34.Kg2 Bg5 35.Qc2 Rff3 36.Ne2 Rd3 37.b5 Rfe3
38.bxc6 bxc6 39.Kf2 Rf3+ 40.Kg2 Rfe3 41.Kf2 Rf3+ 42.Kg2 Rfe3  1/2-1/2

[Event "5th Mayors Cup 2012"]
[Site "Mumbai IND"]
[Date "2012.06.10"]
[Round "6.9"]
[White "Grover,S"]
[Black "Gusain,H"]
[Result "1-0"]
[WhiteElo "2506"]
[BlackElo "2271"]

1.d4 d5 2.c4 e6 3.Nc3 Nf6 4.Nf3 Be7 5.Bf4 O-O 6.e3 b6 7.Qc2 c5 8.Rd1 Bb7
9.cxd5 exd5 10.Be2 Nbd7 11.h3 a6 12.O-O Rc8 13.dxc5 bxc5 14.Ne5 Nb6 15.Nc4 Nxc4
16.Bxc4 Qa5 17.Qb3 dxc4 18.Qxb7 Rfe8 19.a3 Bf8 20.Be5 Be7 21.Rd2 Nh5 22.Rd7 Bf6
23.Bc7  1-0

[Event "1st Grand Europe Open"]
[Site "Golden Sands BUL"]
[Date "2012.06.12"]
[Round "9.13"]
[White "Fier,A"]
[Black "Rusev,K"]
[Result "1/2-1/2"]
[WhiteElo "2596"]
[BlackElo "2525"]

1.d4 Nf6 2.c4 e6 3.Nf3 d5 4.Nc3 Be7 5.Bf4 O-O 6.e3 b6 7.Bd3 dxc4 8.Bxc4 Bb7
9.O-O a6 10.Qe2 b5 11.Bd3 Nbd7 12.Rfd1 c5 13.dxc5 Bxc5 14.Ng5 h6 15.Nge4 Nd5
16.Nxd5 Bxd5 17.Nxc5 Nxc5 18.Bc2 Qf6 19.b3 Rfd8 20.Bc7 Rdc8 21.Ba5 Ne4 22.Rd4 Qg6
23.Bd3 Nc3 24.Qf1 f5 25.Rf4 Bb7 26.a4 Qf6 27.Re1 Nd5 28.Rf3 Nc3 29.Rf4 Nd5
30.Rf3 Nc3  1/2-1/2

[Event "26th Pula Open"]
[Site "Pula CRO"]
[Date "2012.06.13"]
[Round "6.30"]
[White "Medic,Mir"]
[Black "Gorupec,M"]
[Result "1/2-1/2"]
[WhiteElo "2241"]
[BlackElo "2044"]

1.d4 d5 2.c4 e6 3.Nc3 Nf6 4.Nf3 Be7 5.Bf4 O-O 6.e3 a6 7.h3 Nbd7 8.c5 c6 9.Bd3 b6
10.b4 a5 11.a3 Bb7 12.O-O Re8 13.Qe2 Qc8 14.Rfc1 Bf8 15.Rab1 axb4 16.axb4 bxc5
17.bxc5 Ba6 18.Bxa6 Qxa6 19.Qxa6 Rxa6 20.Rb7 Rea8 21.Kh2 R6a7 22.Rcb1 h6
23.g4 g6 24.Kg2 Bg7 25.Ne2 Ne4 26.R1b3 e5 27.Rxa7 Rxa7 28.Nxe5 Nxe5 29.Bxe5 Bxe5
30.dxe5 Ra2 31.Rb8+ Kg7 32.Kf1  1/2-1/2

[Event "5th Mayors Cup 2012"]
[Site "Mumbai IND"]
[Date "2012.06.15"]
[Round "11.8"]
[White "Kunte,A"]
[Black "Karthikeyan,M2"]
[Result "1-0"]
[WhiteElo "2538"]
[BlackElo "2329"]

1.d4 Nf6 2.c4 e6 3.Nf3 d5 4.Nc3 Be7 5.Bf4 O-O 6.e3 b6 7.cxd5 Nxd5 8.Nxd5 exd5
9.Be2 Bb4+ 10.Nd2 c5 11.a3 Bxd2+ 12.Qxd2 c4 13.b3 cxb3 14.Rb1 Ba6 15.Rxb3 Bxe2
16.Qxe2 Nc6 17.O-O Na5 18.Rc3 Rc8 19.Rfc1 Rxc3 20.Rxc3 Nc4 21.e4 Qe7 22.e5 f6
23.h3 b5 24.Rg3 Kh8 25.Qh5 f5 26.Qf3 Qd7 27.Qb3 a5 28.e6 Qxe6 29.Qxb5 Qe1+
30.Kh2 Qxf2 31.Qc5 Rg8 32.Rf3 Qb2 33.Qxd5 Nxa3 34.Rg3 Qb5 35.Qf7 Qc4 36.Qe7 Nb5
37.Be5  1-0

[Event "Teplice Open 2012"]
[Site "Teplice CZE"]
[Date "2012.06.16"]
[Round "1.14"]
[White "Lechtynsky,J"]
[Black "Papay,M"]
[Result "1-0"]
[WhiteElo "2382"]
[BlackElo "1939"]

1.d4 d5 2.Nf3 Nf6 3.c4 e6 4.Nc3 Be7 5.Bf4 O-O 6.e3 b6 7.Bd3 Bb7 8.O-O dxc4
9.Bxc4 Nbd7 10.Qe2 c5 11.dxc5 Bxc5 12.Rfd1 Qe7 13.a3 e5 14.Bg5 e4 15.Nh4 h6
16.Rxd7 Qxd7 17.Bxf6 gxf6 18.Rd1 Qc7 19.Qg4+ Kh8 20.Qh5 Rfd8 21.Qxh6+ Kg8
22.Ng6  1-0

[Event "Teplice Open 2012"]
[Site "Teplice CZE"]
[Date "2012.06.17"]
[Round "2.26"]
[White "Bartos,J"]
[Black "Slampa,J"]
[Result "1-0"]
[WhiteElo "2235"]
[BlackElo "2001"]

1.d4 d5 2.c4 e6 3.Nf3 Nf6 4.Nc3 Be7 5.Bf4 a6 6.e3 O-O 7.Qc2 Nbd7 8.Rd1 Re8
9.a3 h6 10.cxd5 exd5 11.Nb5 axb5 12.Bxc7 Bb4+ 13.axb4 Qe7 14.Qb3 Ra4 15.Ba5 b6
16.Bxb5 Ba6 17.Bxa6 bxa5 18.Qxa4 axb4 19.O-O Rd8 20.Rc1 Nf8 21.Ne5 Rd6 22.Rc6 Rd8
23.Bd3 Ne4 24.Bxe4 dxe4 25.Rfc1 Ne6 26.Rc8  1-0

[Event "16th Voronezh Master Open"]
[Site "Voronezh RUS"]
[Date "2012.06.20"]
[Round "8.20"]
[White "Tarasova,Viktoriy"]
[Black "Pavlov,S2"]
[Result "0-1"]
[WhiteElo "2297"]
[BlackElo "2460"]

1.d4 d5 2.c4 e6 3.Nc3 Be7 4.Nf3 Nf6 5.Bf4 O-O 6.Qc2 c5 7.dxc5 Nc6 8.e3 Bxc5
9.Rd1 Qa5 10.Nd2 d4 11.Nb3 Qb6 12.Nxc5 Qxc5 13.exd4 Nxd4 14.Qd2 e5 15.Be3 Rd8
16.Be2 Be6 17.b3 Qb4 18.Bd3 Bg4 19.Rc1 Nc6 20.Qc2 Qa5 21.Qb1 e4 22.Bxe4 Nxe4
23.Qxe4 Qxc3+  0-1

[Event "CUCA Women"]
[Site "Luanda ANG"]
[Date "2012.06.21"]
[Round "5"]
[White "L'Ami,Alina"]
[Black "Mudongo,B"]
[Result "1-0"]
[WhiteElo "2303"]
[BlackElo "1864"]

1.d4 d5 2.c4 e6 3.Nf3 Nf6 4.Nc3 Be7 5.Bf4 c6 6.e3 Nbd7 7.Qc2 Nh5 8.Bg3 Nxg3
9.hxg3 h6 10.g4 dxc4 11.Bxc4 Nb6 12.Bb3 Nd5 13.Nxd5 exd5 14.O-O-O Bd7 15.e4  1-0

[Event "3rd Forni di Sopra Open"]
[Site "Forni di Sopra ITA"]
[Date "2012.06.23"]
[Round "9.3"]
[White "Arun Prasad,S"]
[Black "Korneev,O"]
[Result "1/2-1/2"]
[WhiteElo "2519"]
[BlackElo "2586"]

1.d4 d5 2.c4 e6 3.Nf3 Nf6 4.Nc3 Be7 5.Bf4 O-O 6.e3 Nbd7 7.c5 Nh5 8.Bd3 Nxf4
9.exf4 b6 10.b4 a5 11.a3 c6 12.O-O Qc7 13.g3 Ba6 14.Re1  1/2-1/2

[Event "5th Karen Asrian Memorial"]
[Site "Jermuk ARM"]
[Date "2012.06.24"]
[Round "9.7"]
[White "Maghalashvili,Da"]
[Black "Mkrtchian,L"]
[Result "1-0"]
[WhiteElo "2478"]
[BlackElo "2449"]

1.d4 d5 2.c4 e6 3.Nc3 Be7 4.Nf3 Nf6 5.Bf4 O-O 6.e3 Nbd7 7.c5 c6 8.b4 b6 9.h3 a5
10.a3 Ne4 11.Nxe4 dxe4 12.Ne5 Nxe5 13.Bxe5 Qd5 14.Qc1 Ba6 15.Bxa6 Rxa6 16.O-O Rfa8
17.cxb6 Rxb6 18.Bc7 Rba6 19.Bxa5 Bd6 20.Qc2 h5 21.Rac1 h4 22.Qe2 Bb8 23.f4 Qb3
24.Ra1 Bd6 25.Rfc1 g6 26.Qe1 Be7 27.Rc3 Qd5 28.Rac1 f5 29.Qe2 Kf7 30.R1c2 Ke8
31.Qe1 Kd7 32.Rc5 Qb3 33.R2c3 Qb2 34.R5c4 Rg8 35.Qd1 Rc8 36.Rb3 Qa2 37.Rc1 Rb8
38.Ra1 Qxb3 39.Qxb3 Rxa5 40.Rc1 Ra6 41.Rc4 Rab6 42.Rc5 Rb5 43.Rc3 Bd6 44.Qc2 R5b6
45.Qa4 R8b7 46.Kf1 Rb5 47.Ke2 R5b6 48.Kd2  1-0

[Event "TCh-SUI National A 2012"]
[Site "Switzerland SUI"]
[Date "2012.06.24"]
[Round "5.2"]
[White "Cvitan,O"]
[Black "Prusikin,M"]
[Result "1/2-1/2"]
[WhiteElo "2528"]
[BlackElo "2545"]

1.d4 d5 2.c4 e6 3.Nc3 Be7 4.Nf3 Nf6 5.Bf4 O-O 6.Rc1 dxc4 7.e3 Nd5 8.Bxc4 Nxf4
9.exf4 Nc6 10.Qd2 Bf6 11.Rd1 b6 12.O-O Bb7 13.Rfe1 Ne7  1/2-1/2

[Event "65th ch-RUS HL"]
[Site "Tyumen RUS"]
[Date "2012.06.24"]
[Round "8"]
[White "Kabanov,N"]
[Black "Rychkov,O"]
[Result "1-0"]
[WhiteElo "2496"]
[BlackElo "2271"]

1.c4 Nf6 2.Nc3 e6 3.Nf3 d5 4.d4 Be7 5.Bf4 O-O 6.e3 b6 7.a3 c5 8.cxd5 exd5
9.Bd3 Nc6 10.Ne5 Bb7 11.O-O cxd4 12.Nxc6 Bxc6 13.exd4 Qd7 14.Qc2 g6 15.h3 Rfe8
16.Be5 Nh5 17.Be2 Ng7 18.Bg4 Qb7 19.Rfe1 f6 20.Bh2 Rad8 21.Qb3 Kh8 22.Nb5 Bf8
23.Rxe8 Nxe8 24.Re1 h5 25.Bf3 Nd6 26.Nxd6 Bxd6 27.Bxd6 Rxd6 28.Qe3 Kg8 29.Qh6 Qf7
30.Re3 f5 31.Bxh5 Qf6 32.Bf3 Re6 33.Rxe6 Qxe6 34.h4 Qe1+ 35.Kh2 Qe8 36.h5 gxh5
37.Qg5+ Kh8 38.Qxf5 Qd8 39.Qe5+ Kh7 40.Qxh5+ Kg7 41.Qe5+ Kh7 42.Qe6 Qc7+
43.g3 Bb7 44.Bg4 a5 45.Qd7+  1-0

[Event "15th Vins du Medoc"]
[Site "Naujac sur Mer FRA"]
[Date "2012.06.27"]
[Round "5.2"]
[White "Demuth,A"]
[Black "Velten,P"]
[Result "1-0"]
[WhiteElo "2423"]
[BlackElo "2379"]

1.d4 d5 2.c4 e6 3.Nc3 Be7 4.Nf3 Nf6 5.Bf4 O-O 6.e3 b6 7.cxd5 exd5 8.Bd3 c5
9.Ne5 Bb7 10.Qf3 Nc6 11.O-O cxd4 12.Nxc6 Bxc6 13.exd4 Qd7 14.Be5 Rfe8 15.Bf5 Qb7
16.Rfe1 b5 17.Rac1 Rad8 18.Re3 b4 19.Ne2 h6 20.Ng3 Nd7 21.Bxg7 Bg5 22.Nh5 Rxe3
23.fxe3 Re8 24.Rf1 Nf8 25.Be5 Rxe5 26.dxe5 d4 27.Qg3 b3 28.h4 bxa2 29.hxg5 Qb5
30.Qf2 dxe3 31.Bh7+  1-0

[Event "65th ch-RUS HL"]
[Site "Tyumen RUS"]
[Date "2012.06.27"]
[Round "11"]
[White "Ulanov,A"]
[Black "Rychkov,O"]
[Result "1-0"]
[WhiteElo "2392"]
[BlackElo "2271"]

1.d4 Nf6 2.Nf3 d5 3.c4 e6 4.Nc3 Be7 5.Bf4 O-O 6.e3 b6 7.cxd5 Nxd5 8.Nxd5 exd5
9.Bd3 c5 10.O-O Nd7 11.e4 Bb7 12.e5 Re8 13.Qc2 g6 14.e6 fxe6 15.Bxg6 hxg6
16.Qxg6+ Kh8 17.Qh6+ Kg8 18.Qxe6+ Kh7 19.Qf7+ Kh8 20.Ne5 Nf8 21.Bh6 Bf6 22.Bxf8 Bxe5
23.dxe5 Rxf8 24.Qxb7 Rb8 25.Qc6 Rf7 26.Rad1 d4 27.Rd3 Qe7 28.f4 Rg8 29.Rh3+ Rh7
30.Rxh7+ Kxh7 31.Qe4+ Kg7 32.f5 Kf8 33.f6 Qe6 34.f7  1-0

[Event "Mukachevo Summer Open"]
[Site "Mukachevo UKR"]
[Date "2012.06.30"]
[Round "8.2"]
[White "Bogdanovich,S"]
[Black "Grinev,V"]
[Result "1/2-1/2"]
[WhiteElo "2515"]
[BlackElo "2395"]

1.d4 d5 2.c4 e6 3.Nf3 Nf6 4.Nc3 Be7 5.Bf4 O-O 6.e3 Nbd7 7.Bd3 dxc4 8.Bxc4 c5
9.O-O cxd4 10.exd4 Nb6 11.Bd3 Nbd5 12.Bg5 b6 13.Ne5 Bb7 14.Rc1 h6 15.Be3 Nxe3
16.fxe3 Nd5 17.Qf3 Bg5 18.Rce1 f5 19.Bc4 Rc8 20.g3 Rxc4 21.Nxc4 Qc7 22.e4 Qxc4
23.exd5 Qxd4+ 24.Qf2 e5 25.Qxd4 exd4 26.Nd1 Bxd5 27.h4 Bc1 28.Re5 Bxa2 29.Rfxf5 Rd8
30.Re7 Bb3 31.Rc7 Bd2 32.Nf2 Be3 33.Kf1 d3 34.Nxd3 Rxd3 35.Ke2 Rd2+ 36.Kxe3 Rxb2
37.Rxa7 Be6 38.Re5 Rb3+ 39.Kf2 Rb2+ 40.Ke1 Rb1+ 41.Kf2 Rb2+ 42.Ke1 Rb1+ 43.Kd2 Bf7
44.Ree7 Rf1 45.Reb7 Rf6 46.Rd7 g5 47.hxg5 hxg5 48.Re7 Kg7 49.Rab7 Kg6 50.g4 Rd6+
51.Ke3 Be6 52.Ke4 Bd5+ 53.Ke5 Bxb7 54.Kxd6 Bf3 55.Re6+ Kf7 56.Ke5 Bxg4 57.Rxb6 Kg7
58.Ra6 Kf7 59.Ra4 Bh3 60.Ra3 Bc8 61.Rc3 Bd7 62.Rd3 Bc8 63.Rf3+ Ke7 64.Rf6 g4
65.Rh6 Kf7 66.Rh8 Ba6 67.Rh2 Kg6 68.Kf4 Bc8 69.Rc2 Be6 70.Rc6 Kf6 71.Ra6 Kf7
72.Ke5 Bc4 73.Rf6+ Kg7 74.Kf5 Bd3+ 75.Ke5 Be2 76.Rb6 Kf7 77.Kf5 Bf3 78.Rb3 Ke7
79.Rd3 Kf7 80.Re3 Bd1 81.Kg5 Bf3 82.Re5 Bd1 83.Re3 Bf3 84.Re1 Kg7 85.Re7+ Kf8
86.Ra7 Ke8 87.Rg7 Kf8 88.Kf6 Ke8 89.Ke6 Kf8 90.Rc7 Bd1 91.Rf7+ Ke8 92.Re7+ Kf8
93.Kf6 Bf3 94.Re3 Bg2 95.Re5 Bf3 96.Re3 Bg2 97.Re7 Bf3 98.Re1 Bg2 99.Re2 Bf3
100.Re3  1/2-1/2

[Event "9th Philadelphia International"]
[Site "Philadelphia USA"]
[Date "2012.07.01"]
[Round "6"]
[White "Mohota,N"]
[Black "Helfst,Matt D"]
[Result "1-0"]
[WhiteElo "2321"]
[BlackElo "1930"]

1.d4 d5 2.c4 e6 3.Nc3 Be7 4.Nf3 Nf6 5.Bf4 c6 6.e3 Nbd7 7.h3 b6 8.cxd5 exd5
9.Bd3 Bb7 10.O-O O-O 11.Rc1 Re8 12.Ne5 Nxe5 13.Bxe5 Bd6 14.f4 Qe7 15.Qf3 Nd7
16.e4 Bb4 17.exd5 Nxe5 18.fxe5 Bxc3 19.Rxc3 cxd5 20.Rfc1 Qb4 21.Qf2 Re7 22.a3 Qa4
23.Qh4  1-0

[Event "40th TCh-GRE 2012"]
[Site "Achaea GRE"]
[Date "2012.07.02"]
[Round "4.1"]
[White "Banikas,H"]
[Black "Goumas,G"]
[Result "1-0"]
[WhiteElo "2626"]
[BlackElo "2402"]

1.d4 d5 2.c4 e6 3.Nf3 Nf6 4.Nc3 Be7 5.Bf4 O-O 6.Rc1 b6 7.cxd5 exd5 8.g3 Ne4
9.a3 Nxc3 10.Rxc3 c5 11.Bg2 Be6 12.O-O Nd7 13.dxc5 bxc5 14.Qb1 a5 15.Rd1 h6
16.Ne5 Nxe5 17.Bxe5 d4 18.Rcc1 Bd5 19.Bxd4 cxd4 20.Rxd4 Qb6 21.Rxd5 Rab8
22.a4 Qxb2 23.Qxb2 Rxb2 24.Rxa5 Rxe2 25.Bf3 Rd2 26.Re5 Bf6 27.Re2 Rd3 28.Be4 Ra3
29.Rc4 Rd8 30.Kg2 g6 31.Bc6 Rc8 32.Rcc2 Kg7 33.Bb5 Rxc2 34.Rxc2 h5 35.Rc7 Bd8
36.Rd7 Bb6 37.Rb7 Bc5 38.Be8 Kf8 39.Bxf7 Rxa4 40.Bxg6 h4 41.Rc7 Bd6 42.Rd7 Bc5
43.f4 Ra6 44.Be4 Rd6 45.Rc7 Rd2+ 46.Kh3 Bd6 47.Rb7 hxg3 48.hxg3 Bxf4 49.gxf4 Rd4
50.Bg6 Rxf4 51.Kg3 Ra4 52.Kf3 Rh4 53.Bf5 Ke8 54.Bg4 Rh1 55.Kf4 Re1 56.Kg5 Rg1
57.Kf5 Kd8 58.Kf4 Re1 59.Rd7+ Ke8 60.Rd4 Ke7 61.Kg5 Rg1 62.Kg6 Rg3 63.Kf5 Rg1
64.Kg5 Rf1 65.Rd7+ Ke8 66.Ra7 Rg1 67.Kf5 Rf1+ 68.Ke6 Re1+ 69.Kf6 Kd8 70.Rd7+ Ke8
71.Rd2 Rf1+ 72.Bf5 Rf4 73.Rh2  1-0

[Event "40th TCh-GRE 2012"]
[Site "Achaea GRE"]
[Date "2012.07.03"]
[Round "5.9"]
[White "Zahariev,Z"]
[Black "Managadze,N"]
[Result "1/2-1/2"]
[WhiteElo "2398"]
[BlackElo "2472"]

1.d4 Nf6 2.Nf3 d5 3.c4 e6 4.Nc3 Be7 5.Bf4 O-O 6.e3 Nbd7 7.c5 Nh5 8.Bd3 Nxf4
9.exf4 Re8 10.O-O c6 11.Re1 b6 12.b4 bxc5 13.bxc5 Qa5 14.Qc2 g6 15.Rab1 Ba6
16.Bxa6 Qxa6 17.Qa4 Qxa4 18.Nxa4 Rab8 19.Nc3 Rxb1 20.Rxb1 Rb8 21.Rxb8+ Nxb8
22.Kf1 f6 23.Ke2 Nd7 24.Na4 Bd8 25.Nb2 Ba5 26.Nd3 Bc3 27.Kd1 h6 28.Kc2 Ba5
29.h4 h5 30.g3 Kf7 31.a3 Ke7 32.Nb4 Nb8 33.Nd3 Nd7 34.Nb4 Bxb4 35.axb4 Nb8
36.Kc3 Na6 37.Nd2 Nc7 38.Kd3 Kd7 39.Nf1 Kc8 40.f3 Ne8 41.g4 Ng7 42.Ng3  1/2-1/2

[Event "40th TCh-GRE 2012"]
[Site "Achaea GRE"]
[Date "2012.07.03"]
[Round "5.1"]
[White "Banikas,H"]
[Black "Nikolaidis,I"]
[Result "1/2-1/2"]
[WhiteElo "2626"]
[BlackElo "2557"]

1.d4 d5 2.c4 e6 3.Nf3 Nf6 4.Nc3 Be7 5.Bf4 O-O 6.e3 Nbd7 7.a3 c5 8.cxd5 Nxd5
9.Nxd5 exd5 10.dxc5 Nxc5 11.Be2 Bf6 12.Be5 Bxe5 13.Nxe5 Be6 14.Nf3 Qb6 15.Qd4 Rac8
16.Rd1 Rfd8 17.O-O Nb3 18.Qxb6 axb6 19.Bd3 g6 20.Bb1 d4 21.Nxd4 Nxd4 22.Rxd4 Rxd4
23.exd4 Rd8 24.Bc2 Rxd4 25.Rd1 Rxd1+ 26.Bxd1 Bd5 27.f4 Kf8 28.Kf2 Ke7 29.g3 Kd6
30.Ke3 Kc5 31.Be2  1/2-1/2

[Event "9th Philadelphia International"]
[Site "Philadelphia USA"]
[Date "2012.07.03"]
[Round "9.1"]
[White "Gupta,Ab"]
[Black "Ippolito,D"]
[Result "1-0"]
[WhiteElo "2644"]
[BlackElo "2432"]

1.d4 d5 2.c4 e6 3.Nc3 Be7 4.Nf3 Nf6 5.Bf4 O-O 6.e3 c5 7.dxc5 Bxc5 8.Qc2 Nc6
9.Rd1 Qb6 10.Bg5 d4 11.Bxf6 gxf6 12.exd4 Nxd4 13.Nxd4 Bxd4 14.Bd3 f5 15.O-O Rd8
16.Nb5 Bf6 17.c5 Qc6 18.Nd6 b6 19.b4 bxc5 20.Bb5 Qc7 21.Ne8 Rxe8 22.Bxe8 Bb7
23.Rd7 Qc6 24.Bxf7+ Kh8 25.Rxb7 Qxb7 26.Bxe6 Qxb4 27.Bxf5 Rd8 28.Bxh7 Rd2
29.Qg6 Bg7 30.Qh5 Qf4 31.Bc2+ Kg8 32.g3 Qc7 33.Re1 Rxc2 34.Re8+ Bf8 35.Qg6+ Qg7
36.Qxc2  1-0

[Event "7th Vladimir Dvorkovich Cup"]
[Site "Moscow RUS"]
[Date "2012.07.05"]
[Round "6.15"]
[White "Sanzhaev,D"]
[Black "Xu,Yinglun"]
[Result "1/2-1/2"]
[WhiteElo "2292"]
[BlackElo "2216"]

1.d4 d5 2.c4 e6 3.Nc3 Be7 4.Nf3 Nf6 5.Bf4 O-O 6.e3 b6 7.cxd5 Nxd5 8.Nxd5 exd5
9.Bd3 c5 10.O-O Nc6 11.Rc1 c4 12.Bb1 b5 13.Ne5 Nxe5 14.Bxe5 g6 15.Qf3 f6
16.Bf4 f5 17.Be5 Be6 18.Qh3 Rf7 19.f3 Bf6 20.Rcd1 Qe7 21.Bf4 a5 22.Kh1 Bd7
23.Rg1 Re8 24.Rge1 Bc8 25.Kg1 a4 26.a3 Bd7 27.Re2 Bg5 28.Bxg5 Qxg5 29.f4 Qe7
30.Rc1 b4 31.axb4 Rb8 32.Qf3 Qd6 33.h3 Qe6 34.Bc2 Rxb4 35.Bd1 Rf8 36.Qf2 Rfb8
37.Rd2 Qb6 38.Bf3 Be6 39.Rcc2 Rb3 40.g4 Qd6 41.Re2 Kg7 42.Qg2 Rd3 43.Rc1 Rb5
44.Ra1 Ra5 45.Rc1 a3 46.bxa3 Rdxa3 47.Kf2 Ra2 48.Rcc2 Rxc2 49.Rxc2 Qb4 50.Kg3 Qb3
51.Rb2 Qd3 52.Rb7+ Bf7 53.Qb2 Qxe3 54.Rxf7+ Kxf7 55.Qb7+ Qe7 56.Bxd5+ Kf8
57.Qb8+ Qe8 58.Qb4+ Kg7 59.Qxa5 Qe3+ 60.Bf3 Qg1+ 61.Bg2 Qe3+ 62.Bf3 Qg1+  1/2-1/2

[Event "8th RUS-CHN Summit Men Classical"]
[Site "St Petersburg RUS"]
[Date "2012.07.05"]
[Round "4"]
[White "Ding Liren"]
[Black "Matlakov,M"]
[Result "1-0"]
[WhiteElo "2680"]
[BlackElo "2668"]

1.Nf3 d5 2.d4 Nf6 3.c4 e6 4.Nc3 Be7 5.Bf4 O-O 6.a3 b6 7.e3 c5 8.dxc5 bxc5
9.Be2 Nc6 10.O-O Ba6 11.Nb5 Rc8 12.Qa4 Qb6 13.Rfd1 Rfd8 14.Ne5 Bxb5 15.Qxb5 Qxb5
16.cxb5 Nxe5 17.Bxe5 Nd7 18.Bc3 Bf6 19.a4 c4 20.e4 dxe4 21.a5 Kf8 22.Rd6 Bxc3
23.bxc3 Ne5 24.Ra6 Rc7 25.b6 axb6 26.Rxb6 Ke7 27.a6 Ra7 28.Ra5 Kf6 29.Kf1 Rd2
30.Ke1 Rd8 31.h4 Rda8 32.Kd2 Nd7 33.Rd6 Rc7 34.Rd4 Nb6 35.Rd6 Nc8 36.Rd8 Ke7
37.Rg8 g6 38.Ra4 Nb6 39.Rxa8 Nxa4 40.Rb8 Kd6 41.Bxc4 Nc5 42.Rb6+ Ke5 43.Bb5 f5
44.Bc6 Ra7 45.Bb7 h6 46.Ke2 g5 47.hxg5 hxg5 48.f3 exf3+ 49.Kxf3 Nd7 50.Rb5+ Kd6
51.c4 Nc5 52.Rb6+ Ke5 53.Ke3 f4+ 54.Kf3 Kd4 55.Kg4 Kxc4 56.Rc6 Kd4 57.Rxc5  1-0

[Event "2nd Polugaevsky Mem"]
[Site "Samara RUS"]
[Date "2012.07.06"]
[Round "2.9"]
[White "Frolyanov,D"]
[Black "Palachev,P"]
[Result "1-0"]
[WhiteElo "2564"]
[BlackElo "2287"]

1.d4 Nf6 2.c4 e6 3.Nf3 d5 4.Nc3 Be7 5.Bf4 O-O 6.e3 a6 7.Rc1 Nbd7 8.c5 Nh5
9.Bd3 Nxf4 10.exf4 c6 11.O-O g6 12.Re1 b6 13.cxb6 c5 14.f5 gxf5 15.Bxf5 exf5
16.Nxd5 Bd6 17.dxc5 Bxc5 18.b4 Bxb6 19.Ne7+ Kh8 20.Qd5 Rb8 21.Qxf5 Bxf2+
22.Kxf2 Qb6+ 23.Re3 Qf6 24.Qd3 Nb6 25.Rc5 Bg4 26.Qd4 Qxd4 27.Nxd4 Nd7 28.Rg5 Be6
29.a3 Nf6 30.h3 Rbd8 31.Nxe6 fxe6 32.Kg1 Rd1+ 33.Kh2 Rd6 34.Rge5 Re8 35.Rxe6 Rxe6
36.Rxe6 Kg7 37.Nf5+ Kg6 38.Nh4+ Kg5 39.Nf3+ Kf5 40.Rxa6 Nd5 41.Ra5 Ke4 42.Ng5+ Kd4
43.Nxh7 Re2 44.Ng5 Ne3 45.Nf3+ Kd3 46.Rg5 Ra2 47.h4  1-0